|
|
|
|
| LEADER |
00000nam a2200000Ii 4500 |
| 001 |
DIGUCAUCA0089 |
| 003 |
NyNyDIG |
| 006 |
m o d |
| 007 |
cr ||||||||||| |
| 008 |
220502s2021 ck ob 001 0 spa d |
| 035 |
|
|
|a (OCoLC)1301901769
|
| 040 |
|
|
|a DGITA
|b eng
|e rda
|e pn
|c DGITA
|
| 020 |
|
|
|a 9789587324914
|q eBook
|q pdf
|
| 020 |
|
|
|z 9789587324907
|
| 043 |
|
|
|a cl-----
|
| 050 |
1 |
4 |
|a B1001 ebook
|
| 100 |
1 |
|
|a Rosero Morales, José Rafael,
|e compiler,
|e author.
|
| 245 |
1 |
0 |
|a Desafíos para una filosofía intercultural nuestroamericana /
|c compilador, José Rafael Rosero Morales ; Alcira Beatriz Bonilla, Raúl Fornet-Betancourt.
|
| 250 |
|
|
|a Primera edición en español.
|
| 264 |
|
1 |
|a Popayán, Colombia :
|b editorial UC, Editorial Universidad del Cauca,
|c 2021.
|
| 300 |
|
|
|a 1 online resource.
|
| 336 |
|
|
|a text
|b txt
|2 rdacontent
|
| 337 |
|
|
|a computer
|b c
|2 rdamedia
|
| 338 |
|
|
|a online resource
|b cr
|2 rdacarrier
|
| 347 |
|
|
|a text file
|2 rdaft
|
| 347 |
|
|
|b PDF
|
| 504 |
|
|
|a Includes bibliographical references and index.
|
| 588 |
0 |
|
|a Online resource; title from PDF title page (Digitalia, viewed May 2, 2022)
|
| 650 |
|
0 |
|a Philosophy, Latin American.
|
| 650 |
|
0 |
|a Multicultural education
|z Latin America.
|
| 650 |
|
0 |
|a Cross-cultural studies.
|
| 655 |
|
0 |
|a Electronic books.
|
| 700 |
1 |
|
|a Bonilla, Alcira,
|e author.
|
| 700 |
1 |
|
|a Fornet-Betancourt, Raúl,
|d 1946-
|e author.
|
| 791 |
2 |
|
|a Digitalia (Firm),
|e distributor.
|
| 793 |
0 |
|
|g Digitalia eBook Collection:
|a Editorial Universidad del Cauca
|
| 776 |
0 |
8 |
|i Print version:
|a Rosero Morales, José Rafael.
|t Desafíos para una filosofía intercultural nuestroamericana.
|b Primera edición en español.
|d Popayán, Colombia : editorial UC, Editorial Universidad del Cauca, 2021
|z 9789587324907
|
| 856 |
4 |
0 |
|3 Digitalia Hispánica
|u https://www.digitaliapublishing.com/a/111239/
|
| 910 |
|
|
|a Premium collection: 2022
|